Проект пристройки, фасад и поэтажные планы Больницы Святой Ольги в Петербурге

Доступно только в Электронных читальных залах Найти на картеНа карте
RUSMARC
00003570nmc2a2200000 x 450
0019e074e5f-c18c-4e54-9c54-34e92c0bf666
00520151217151903.0
100##$a20150616l18571857k l0rusy0189 ca
1010#$arus
102##$aRU
2001#$aПроект пристройки, фасад и поэтажные планы Больницы Святой Ольги в Петербурге
$j1857 г.
251##$cДело
300##$aАрхитектор Трудолюбов. Акварель
801#0$aRU
$bРГИА
$c20150616
$gRCR
801#1$aRU
$bГлавНИВЦ
$c20150616
$2rusmarc
801#2$aRU
$bПБ им. Б.Н. Ельцина
$c20151217
$gRCR
$2rusmarc
850##$aРГИА
852##$aРГИА
$eФедеральное казенное учреждение "Российский государственный исторический архив" (РГИА)
$j27
937##$hРГИА
$d12099880
$aASBIBLIO_SCAN
462#0$1001b3333ac2-de4a-40fa-bb25-edef65d9be9f
$12001
$aПланы зданий Ведомства учреждений императрицы Марии
$1251
$cОпись
$1852
$j95
461#0$1001fd239d76-f3be-4e65-bf12-40524fd81eef
$12001
$aСобственная его императорского величества канцелярия по учреждениям императрицы Марии
$1251
$cФонд
$1852
$j759
215##$a4 л.
$cплан.
$d74,5х60,5 см
371##$aДокумент не является опубликованным и широко распространяемым
105##$ae###
1222#$ad
035##$a9e074e5f-c18c-4e54-9c54-34e92c0bf666
Формат отображения